| 000 | 00978cam a22002531 4500 | ||
|---|---|---|---|
| 001 | 000019786 | ||
| 005 | 20200929170135.0 | ||
| 008 | 790321s1968 sp ab 000 0 spa | ||
| 010 | _a70257042 | ||
| 035 | _a(OCoLC)4761430 | ||
| 040 |
_aDO-SdBNP _cKyRE _dDLC |
||
| 041 | 1 |
_aspa _hgrc |
|
| 050 | 0 | 0 |
_aDP28 _b.S8518 1968 |
| 100 | 0 |
_aStrabo. _942256 |
|
| 245 | 1 | 0 |
_aEspana y los espanoles hace dos mil anos, : _bsegun la Geografia de Strabon. |
| 250 | _a4. ed. | ||
| 260 |
_aMadrid, : _bEspasa-Calpe, _c[1968]. |
||
| 300 |
_a270 p. : _billus., maps. ; _c19 cm. |
||
| 500 | _aA translation, with commentary, by Antonio Garcia y Bellido, of the third book of Strabo's Geographika and of other portions of the same work relating to Spain. | ||
| 651 | 0 |
_aSpain _xDescription And Travel _vEarly works to 1800. _942257 |
|
| 651 | 0 |
_aSpain _xAntiquities _vEarly works to 1800. _942258 |
|
| 700 | 1 |
_aGarcia y Bellido, Antonio, _d1903-1972. _942259 |
|
| 910 | _aCatalogación derivada / LC | ||
| 999 |
_c19299 _d19299 |
||